Waṣf Qalʻat al-Jabal : al-ʻimārah al-islāmīyah fī-Miṣr

محفوظ في:

المؤلف الرئيسي: K. A. C. Creswell.

مؤلفون آخرون: tarjamat Jamāl Muḥammad Miḥriz ; murajaʻat ʻAbd al-Raḥmān Zakī., Jamāl Muḥammad Miḥriz (Translator), ʻAbd al-Raḥmān Zakī (Reviewer).

التنسيق: كتاب

اللغة: Undetermined

منشور في: Cairo : al-Hayʼah al-Miṣrīyah al-ʻĀmmah lil-Kitāb, 1974.

الموضوعات:

الوسوم: إضافة وسم

لا توجد وسوم, كن أول من يضع وسما على هذه التسجيلة!

رقم الطلب: NA497 .E3 C7412

LEADER 00830nam a2200193Ia 4500
008 240329s9999||||xx |||||||||||||| ||und||
050 4 |a NA497 .E3 C7412 
100 1 |a K. A. C. Creswell. 
245 1 0 |a Waṣf Qalʻat al-Jabal : al-ʻimārah al-islāmīyah fī-Miṣr  |c K. A. C. Creswell 
264 1 |a Cairo :  |b al-Hayʼah al-Miṣrīyah al-ʻĀmmah lil-Kitāb,  |c 1974. 
300 |a 130  |b plans  |c 29CM 
500 |a رقم الايداع بدار الكتب: 3686/1974  
650 |a  Cairo (Egypt) Description and travel 
650 |a Citadel (Cairo, Egypt) 
650 |a Citadelle du Caire (Le Caire, Égypte) 
650 |a Egypt Cairo 
700 1 |a tarjamat Jamāl Muḥammad Miḥriz ; murajaʻat ʻAbd al-Raḥmān Zakī., Jamāl Muḥammad Miḥriz (Translator), ʻAbd al-Raḥmān Zakī (Reviewer). 
942 |2 lcc  |c BK 
999 |c 57656  |d 57656